|
|
|
|
| LEADER |
03235nam a22005415i 4500 |
| 001 |
978-3-642-12853-0 |
| 003 |
DE-He213 |
| 005 |
20151204154647.0 |
| 007 |
cr nn 008mamaa |
| 008 |
100722s2010 gw | s |||| 0|eng d |
| 020 |
|
|
|a 9783642128530
|9 978-3-642-12853-0
|
| 024 |
7 |
|
|a 10.1007/978-3-642-12853-0
|2 doi
|
| 040 |
|
|
|d GrThAP
|
| 050 |
|
4 |
|a TP248.13-248.65
|
| 072 |
|
7 |
|a TCB
|2 bicssc
|
| 072 |
|
7 |
|a SCI010000
|2 bisacsh
|
| 082 |
0 |
4 |
|a 660.6
|2 23
|
| 245 |
1 |
0 |
|a Whole Cell Sensing System II
|h [electronic resource] :
|b Applications /
|c edited by Shimshon Belkin, Man Bock Gu.
|
| 264 |
|
1 |
|a Berlin, Heidelberg :
|b Springer Berlin Heidelberg :
|b Imprint: Springer,
|c 2010.
|
| 300 |
|
|
|a XIV, 214 p. 25 illus., 3 illus. in color.
|b online resource.
|
| 336 |
|
|
|a text
|b txt
|2 rdacontent
|
| 337 |
|
|
|a computer
|b c
|2 rdamedia
|
| 338 |
|
|
|a online resource
|b cr
|2 rdacarrier
|
| 347 |
|
|
|a text file
|b PDF
|2 rda
|
| 490 |
1 |
|
|a Advances in Biochemical Engineering / Biotechnology,
|x 0724-6145 ;
|v 118
|
| 505 |
0 |
|
|a Applications of Microbial Cell Sensors -- Whole-Cell Bioreporters for the Detection of Bioavailable Metals -- Bacteriophage-Based Pathogen Detection -- Cell-Based Genotoxicity Testing -- Cytotoxicity and Genotoxicity Reporter Systems Based on the Use of Mammalian Cells -- Live Cell Optical Sensing for High Throughput Applications -- Cyanobacterial Bioreporters as Sensors of Nutrient Availability -- Application of Microbial Bioreporters in Environmental Microbiology and Bioremediation.
|
| 520 |
|
|
|a Applications: - Applications of Microbial Cell Sensors, by Mifumi Shimomura-Shimizu and Isao Karube - Whole-Cell Bioreporters for the Detection of Bioavailable Metals, by Anu Hynninen and Marko Virta - Bacteriophage-Based Pathogen Detection, by Steven Ripp - Cell-Based Genotoxicity Testing, by Georg Reifferscheid and Sebastian Buchinger - Cytotoxicity and Genotoxicity Reporter Systems Based on the Use of Mammalian Cells, by Christa Baumstark-Khan, Christine E. Hellweg, and Günther Reitz - Live Cell Optical Sensing for High Throughput Applications, by Ye Fang - Cyanobacterial Bioreporters as Sensors of Nutrient Availability, by George S. Bullerjahn, Ramakrishna Boyanapalli, Mark J. Rozmarynowycz, and R. Michael L. McKay - Application of Microbial Bioreporters in Environmental Microbiology and Bioremediation, by E. E. Diplock , H. A. Alhadrami , and G. I. Paton.
|
| 650 |
|
0 |
|a Chemistry.
|
| 650 |
|
0 |
|a Analytical chemistry.
|
| 650 |
|
0 |
|a Biotechnology.
|
| 650 |
|
0 |
|a Life sciences.
|
| 650 |
|
0 |
|a Cell biology.
|
| 650 |
|
0 |
|a Biology
|x Technique.
|
| 650 |
1 |
4 |
|a Chemistry.
|
| 650 |
2 |
4 |
|a Biotechnology.
|
| 650 |
2 |
4 |
|a Life Sciences, general.
|
| 650 |
2 |
4 |
|a Cell Biology.
|
| 650 |
2 |
4 |
|a Biological Techniques.
|
| 650 |
2 |
4 |
|a Analytical Chemistry.
|
| 700 |
1 |
|
|a Belkin, Shimshon.
|e editor.
|
| 700 |
1 |
|
|a Gu, Man Bock.
|e editor.
|
| 710 |
2 |
|
|a SpringerLink (Online service)
|
| 773 |
0 |
|
|t Springer eBooks
|
| 776 |
0 |
8 |
|i Printed edition:
|z 9783642128523
|
| 830 |
|
0 |
|a Advances in Biochemical Engineering / Biotechnology,
|x 0724-6145 ;
|v 118
|
| 856 |
4 |
0 |
|u http://dx.doi.org/10.1007/978-3-642-12853-0
|z Full Text via HEAL-Link
|
| 912 |
|
|
|a ZDB-2-CMS
|
| 950 |
|
|
|a Chemistry and Materials Science (Springer-11644)
|